000 00683nam a2200241 i 4500
001 C2-0337021
003 PPAK
005 20180728135850.0
008 160718s2015 cc a|||| ||||| | chi d
020 _a9787538582154
040 _aPPAK
_beng
_cPPAK
_erda
082 0 4 _a333.9542
_223
090 0 0 _a333.9542
_bZIZ
_dK
100 1 _aZi, Zhang Mo Fang,
_eauthor
245 1 0 _aBin wei wu zhang
264 1 _aChangchun :
_bBei fang fu nu er tong chu ban she ,
_c2015
300 _a122 pages :
_bcolour illustrations ;
_c24 cm
336 _2rdacontent
_atext
337 _2rdamedia
_aunmediated
338 _2rdacarrier
_avolume
650 1 0 _aEndangered species.
942 _ddc
_cB
999 _c134737
_d134737